Memoria sobre el concepto, método, fuentes y programa de la Filosofía de la Educación
Wedi'i Gadw mewn:
| Prif Awdur: | |
|---|---|
| Fformat: | Llyfr |
| Iaith: | Sbaeneg |
| Cyhoeddwyd: |
s.l
s.n
1983
|
| Pynciau: | |
| Tagiau: |
Ychwanegu Tag
Dim Tagiau, Byddwch y cyntaf i dagio'r cofnod hwn!
|
MARC
| LEADER | 00000nam a2200000 a 4500 | ||
|---|---|---|---|
| 001 | UCK5494 | ||
| 003 | CL-VaPUC | ||
| 008 | 050805e19830000sl |||||||||||||||||spa|d | ||
| 082 | 0 | 4 | |a 370.1 |b ALT |2 21 |
| 100 | 0 | |a Altarejos Masota, Francisco |e author |9 494273 | |
| 245 | 1 | 0 | |a Memoria sobre el concepto, método, fuentes y programa de la Filosofía de la Educación |
| 300 | |a 578 h | ||
| 942 | |c BK | ||
| 945 | |d 20050805 00:00:00 |a cmena | ||
| 260 | |a s.l |b s.n |c 1983 | ||
| 650 | 0 | |a Filosofía de la educación |9 258384 | |
| 650 | 7 | |a METODOLOGIA CIENTIFICA |2 CL-VaPUC |9 261770 | |
| 583 | |a last modification |c 20180109 02:35:42 |k Rodrigo Vera | ||
| 999 | |c 314001 |d 313999 | ||
| 952 | |0 0 |1 0 |4 0 |6 370_100000000000000_ALT_1983 |7 0 |8 P |9 385866 |a BIBEDU |b BIBEDU |c BIBEDU_PB |d 2019-11-22 |i 3902579 |o 370.1 ALT 1983 |p 3902579 |r 2024-01-25 |w 2019-11-22 |y BK |k BME | ||